|
|
|
|
| LEADER |
00000nam0a2200000 4500 |
| 001 |
108575 |
| 005 |
20231031115725.0 |
| 035 |
|
|
|a (RuTPU)RU\TPU\book\117213
|
| 035 |
|
|
|a RU\TPU\book\116926
|
| 090 |
|
|
|a 108575
|
| 100 |
|
|
|a 20070123d2006 m y0engy50 ba
|
| 101 |
0 |
|
|a eng
|
| 102 |
|
|
|a RU
|
| 105 |
|
|
|a a j 000zy
|
| 200 |
1 |
|
|a Module 9: The Natural World, Weather. Module 10: Culture, Customs & Traditions All over the World
|e Upper-Intermediate - Advanced
|e Class Book
|e учебное пособие по английскому языку для студентов ТПУ
|f Томский политехнический университет; сост. М. А. Ануфриева, О. А. Смирнова
|
| 210 |
|
|
|a Томск
|c Изд-во ТПУ
|d 2006
|
| 215 |
|
|
|a 198 p.
|c ил.
|
| 225 |
1 |
|
|a General English for Technical students
|
| 300 |
|
|
|a Экспериментальное пилотирование модульной программы в 2006/2007 учебном году.
|
| 333 |
|
|
|a Исключено из фонда НТБ ТПУ
|
| 702 |
|
1 |
|a Ануфриева
|b М. А.
|g Марина Александровна
|4 220
|
| 702 |
|
1 |
|a Смирнова
|b О. А.
|g Олеся Анатольевна
|4 220
|
| 712 |
0 |
2 |
|a Томский политехнический университет
|z 1991-
|
| 801 |
|
1 |
|a RU
|b 63413507
|c 20070118
|g PSBO
|
| 801 |
|
2 |
|a RU
|b 63413507
|c 20210527
|g PSBO
|
| 942 |
|
|
|c BK
|